Los valores en la educación infantil

I tiakina i:
Ngā taipitopito rārangi puna kōrero
Kaituhi matua: Domínguez Chillón, Gloria (Author)
Hōputu: Pukapuka
Reo:Pāniora
I whakaputaina: Madrid La Muralla 1999
Putanga:3a. ed
Rangatū:Colección Aula Abierta
Ngā marau:
Ngā Tūtohu: Tāpirihia he Tūtohu
Kāore He Tūtohu, Me noho koe te mea tuatahi ki te tūtohu i tēnei pūkete!

MARC

LEADER 00000nam a2200000 a 4500
001 UCN7688
003 CL-VaPUC
008 011019e19990000SP |||||||||||||||||spa|d
020 |a 8471336588 
082 0 4 |a 370.114  |b DOM  |2 21 
100 0 |a Domínguez Chillón, Gloria  |e author  |9 463671 
245 1 4 |a Los valores en la educación infantil 
250 |a 3a. ed 
300 |a 124 p 
942 |c BK 
945 |d 20011019 00:00:00  |a rbrito 
260 |a Madrid  |b La Muralla  |c 1999 
650 0 |a Valores sociales  |9 309627 
650 0 |a Ética  |9 255099 
650 0 |a Educación moral  |9 308319 
650 0 |a Educación preescolar  |9 260381 
650 0 |a Currículo  |9 307290 
583 |a last modification  |c 20011019 00:00:00  |k Rodrigo Vera 
490 0 |a Colección Aula Abierta 
999 |c 297902  |d 297900 
952 |0 0  |1 0  |4 0  |6 370_114000000000000_DOM_1999  |7 0  |8 A  |9 352945  |a BIBEDU  |b BIBEDU  |d 2019-11-21  |i 3756882  |o 370.114 DOM 1999  |p 3756882  |r 2019-11-21  |w 2019-11-21  |y BK  |k EPE 
952 |0 0  |1 0  |4 0  |6 370_114000000000000_DOM_1999  |7 0  |8 A  |9 352946  |a BIBEDU  |b BIBEDU  |d 2019-11-21  |i 4551982  |o 370.114 DOM 1999  |p 4551982  |r 2019-11-21  |w 2019-11-21  |y BK  |k PAR